Madame Bovary (Record no. 5791)
[ view plain ]
| 000 -CABECERA | |
|---|---|
| campo de control de longitud fija | 00547nam a2200205 a 4500 |
| 001 - NÚMERO DE CONTROL | |
| campo de control | BRCA_6104 |
| 005 - FECHA Y HORA DE LA ÚLTIMA TRANSACCIÓN | |
| campo de control | 20190320205333.0 |
| 008 - DATOS DE LONGITUD FIJA--INFORMACIÓN GENERAL | |
| campo de control de longitud fija | 220611s1920----fr-#######---#000-1#fre-# |
| 041 ## - CÓDIGO DE LENGUA | |
| Código de lengua del texto/banda sonora o título independiente | fre |
| 044 ## - CÓDIGO DEL PAÍS DE LA ENTIDAD EDITORA/PRODUCTORA | |
| Código MARC del país | fr |
| 050 #4 - SIGNATURA TOPOGRÁFICA DE LA BIBLIOTECA DEL CONGRESO | |
| Número de clasificación | PQ2246 |
| Número de documento/Ítem | .M23 |
| -- | 1920 |
| 245 10 - MENCIÓN DE TÍTULO | |
| Título | Madame Bovary |
| Resto del título | moeurs de province |
| Mención de responsabilidad, etc. | par Gustave Flaubert; preface par Adolphe Gondry. |
| 260 ## - PUBLICACIÓN, DISTRIBUCIÓN, ETC. | |
| Lugar de publicación, distribución, etc. | Viena |
| Nombre del editor, distribuidor, etc. | Manz |
| Fecha de publicación, distribución, etc. | 1920 |
| 300 ## - DESCRIPCIÓN FÍSICA | |
| Extensión | 458 p. |
| Dimensiones | 18 cm. |
| 500 ## - NOTA GENERAL | |
| Nota general | I28 |
| 505 0# - NOTA DE CONTENIDO CON FORMATO | |
| Nota de contenido con formato | Bibliografía: p. XII-XIII |
| 650 14 - PUNTO DE ACCESO ADICIONAL DE MATERIA--TÉRMINO DE MATERIA | |
| Término de materia o nombre geográfico como elemento de entrada | Literatura Francesa. |
| 9 (RLIN) | 15428 |
| 902 ## - CATALOGADOR | |
| Iniciales | GFM |
| 942 ## - ELEMENTOS DE PUNTO DE ACCESO ADICIONAL (KOHA) | |
| Fuente del sistema de clasificación o colocación | Library of Congress Classification |
| Tipo de ítem Koha | Libros |
| Estado de retiro | Estado de pérdida | Estado dañado | No para préstamo | Localización permanente | Ubicación/localización actual | Fecha de adquisición | Número de inventario | Total de préstamos | Signatura topográfica completa | Código de barras | Fecha visto por última vez | Precio válido a partir de | Tipo de ítem Koha |
|---|---|---|---|---|---|---|---|---|---|---|---|---|---|
| El ejemplar forma parte de la colección y puede ser consultado según las políticas vigentes. | Biblioteca del Museo Franz Mayer (Rogerio Casas-Alatriste) | Biblioteca del Museo Franz Mayer (Rogerio Casas-Alatriste) | 22/06/2011 | I28 | PQ2246 .M23 1920 (I28) | 6543 | 22/03/2019 | 22/03/2019 | Libros |